01320nac a22003131u 4500999001500000003000900015005001700024008004100041040004300082082001900125100001300144245011600157264004200273264001000315300002800325336002600353337002800379338002700407504004100434520014300475650008300618651001000701653002600711655001700737700004300754700005300797942002300850952013300873 c1806d1806EG-ScBUE20200203100335.0200202t1953 nyu f b 6 000 0 eng d aEG-ScBUEbengerdacEG-ScBUEdEG-ScBUE04a808.8bPOR222 a 04aThe portable renaissance reader /cedited and with an introduction by James Bruce Ross, Mary Martin McLaughlin. 1aNew York :bThe Viking Press,c[1953] 4cc1953 axii, 756 pages ;c17 cm 2rdacontentatextbtxt 2rdamediaaunmediatedbn 2rdacarrieravolumebnc aIncludes bibliographical references. aThe golden age of Italy and Northern Europe, 1400-1600, shown forth in all its rich diversity in the writings of its acknowledged masters. 7aEuropean literatureyRenaissance, 1450-1600vTranslations into English.2BUEsh 2BUEsh bHHUUEENNcJanuary2020 vReading book1 aRoss, James Bruce,‏ d1902-eeditor.1 aMcLaughlin, Mary Martin,‏d1919-2006,eeditor. cBBk808.8 POR2ddc 00102ddc40708Donation-GaMAINbMAINc2NDd2014-12-06eDonationl0o808.8 PORp000002511r2025-07-15 00:00:00w2006-12-14yBB